000 nam a22 7a 4500
999 _c27843
_d27843
008 170211b xxu||||| |||| 00| 0 eng d
020 _a 9780618851898
050 _aQA154.2 .L37 2008
100 _aLarson,Ron
245 _aCollege algebra :
_ba graphing approach /
_cRon Larson; Robert P Hostetler; Bruce H Edwards
250 _a5th ed.
260 _aBoston :
_bHoughton Mifflin Co.,
_c©2008.
300 _axvii,641p. :
_bill. ;
_c24cm.
500 _aincludes index.
650 _a Algebra
_x Graphic methods.
700 _aHostetler,Robert
700 _aEdwards,Bruce H.
942 _2lcc
_cBOOKS
_hQA154.2 .L37 2008